000 00314nam a22001337a 4500
005 20230818140454.0
008 230818b |||||||| |||| 00| 0 eng d
040 _aLoreto college
041 _aEnglish
082 _a370
_bAPP
245 _aThe struggle for democracy in education
850 _aLCLIB
942 _cBK
999 _c43527
_d94006